Cuando don Antonio Maura fué huésped de la Diputación Provincial de Barcelona /
Descripción Física:
Il·lustracions
Colección:
San Jorge,
; núm. 18 (abril 1955), pàg. 125-126
Idioma:
Español
MARC
| LEADER | 00000naa a2200000 a 4500 | ||
|---|---|---|---|
| 003 | Arxiu | ||
| 005 | 20260324181033.0 | ||
| 008 | 160829s1955 spcaxx s spa c | ||
| 040 | |a AGDB | ||
| 100 | |a Pérez-Terol, Mariano |9 29548 | ||
| 245 | 1 | 0 | |a Cuando don Antonio Maura fué huésped de la Diputación Provincial de Barcelona / |c Mariano Pérez-Terol |
| 300 | |b Il·lustracions | ||
| 490 | |a San Jorge, |v núm. 18 (abril 1955), pàg. 125-126 | ||
| 600 | 1 | 0 | |a Maura, Antonio, |d 1853-1925 |9 55425 |
| 650 | 0 | |9 31008 |a Visites oficials |z Barcelona (Catalunya) | |
| 773 | |g Núm. 18 (abril 1955), pàg. 125-126 |t San Jorge. | ||
| 901 | |a Arxiu | ||
| 942 | |n 1 |2 udc |c ART | ||
| 952 | |0 0 |1 0 |4 0 |6 REV510 |7 1 |9 65166 |a Arxiu |b Arxiu |d 2023-01-31 |l 0 |o Rev-510 |r 2023-01-31 00:00:00 |w 2023-01-31 |y ARXIU |z També disponible a Rev-524 | ||
| 999 | |c 48001 |d 48001 | ||